[Event "Gornozavodsk op"]
[Site "Gornozavodsk"]
[Date "2010.11.09"]
[Round "10"]
[White "Sosnin, Alexander"]
[Black "Kotchnev, Andrey"]
[Result "0-1"]
[WhiteElo "2032"]
[BlackElo "2067"]
[PlyCount "60"]
[EventDate "2010.11.01"]
[EventType "swiss"]
[EventRounds "10"]
[EventCountry "RUS"]
[SourceTitle "EXT 2012"]
[Source "ChessBase"]
[SourceDate "2011.11.24"]
[SourceVersion "1"]
[SourceVersionDate "2011.11.24"]
[SourceQuality "1"]

1. e4 c5 2. Nc3 Nf6 3. e5 Ng8 4. Nf3 Nc6 5. Bc4 g6 6. 0-0 Bg7 7. Re1 Nh6 8. d4 cxd4 9. Nxd4 d5 10. Bb5 Bd7 11. Bxc6 bxc6 12. e6 Bxe6 13. Nxe6 fxe6 14. Rxe6 Qd7 15. Re1 0-0 16. Qd3 Rae8 17. Qa6 e5 18. Ne2 Nf5 19. Bg5 e4 20. c3 e3 21. fxe3 Nxe3 22. Ng3 Nc2 23. Rxe8 Rxe8 24. Rf1 d4 25. Rd1 Qg4 26. Rc1 Qxg5 27. Rxc2 dxc3 28. b4 Re1+ 29. Nf1 Bd4+ 30. Kh1 Qf5 0-1

[Event "Gornozavodsk op"]
[Site "Gornozavodsk"]
[Date "2010.11.05"]
[Round "6"]
[White "Sosnin, Alexander"]
[Black "Terskiy, Sergey"]
[Result "1-0"]
[WhiteElo "2032"]
[BlackElo "1535"]
[PlyCount "31"]
[EventDate "2010.11.01"]
[EventType "swiss"]
[EventRounds "10"]
[EventCountry "RUS"]
[SourceTitle "EXT 2012"]
[Source "ChessBase"]
[SourceDate "2011.11.24"]
[SourceVersion "1"]
[SourceVersionDate "2011.11.24"]
[SourceQuality "1"]

1. e4 e5 2. Nf3 Nc6 3. d4 exd4 4. Nxd4 Qf6 5. Nb5 Bd6 6. N1c3 a6 7. Nd5 Qd8 8. Nxd6+ cxd6 9. Be3 Rb8 10. Bb6 Qh4 11. Bd3 Ne5 12. Bc7 Nxd3+ 13. Qxd3 Ra8 14. Nb6 Nf6 15. Nxa8 0-0 16. 0-0-0 1-0

[Event "Gornozavodsk op"]
[Site "Gornozavodsk"]
[Date "2010.11.02"]
[Round "3"]
[White "Chazov, Alexander"]
[Black "Sosnin, Alexander"]
[Result "1/2-1/2"]
[WhiteElo "2131"]
[BlackElo "2032"]
[PlyCount "35"]
[EventDate "2010.11.01"]
[EventType "swiss"]
[EventRounds "10"]
[EventCountry "RUS"]
[SourceTitle "EXT 2012"]
[Source "ChessBase"]
[SourceDate "2011.11.24"]
[SourceVersion "1"]
[SourceVersionDate "2011.11.24"]
[SourceQuality "1"]

1. Nf3 d5 2. d4 e6 3. g3 c5 4. Bg2 cxd4 5. 0-0 Nc6 6. Nxd4 Bc5 7. Nxc6 bxc6 8. c4 Ne7 9. cxd5 cxd5 10. b4 Bb6 11. a4 0-0 12. Bb2 Bb7 13. e3 Ng6 14. Nd2 Qd6 15. Nf3 Rfc8 16. Qd2 a5 17. b5 Rc4 18. Bd4 1/2-1/2

[Event "Gornozavodsk op"]
[Site "Gornozavodsk"]
[Date "2010.11.01"]
[Round "2"]
[White "Sosnin, Alexander"]
[Black "Shein, Vyacheslav"]
[Result "1-0"]
[WhiteElo "2032"]
[BlackElo "1868"]
[PlyCount "123"]
[EventDate "2010.11.01"]
[EventType "swiss"]
[EventRounds "10"]
[EventCountry "RUS"]
[SourceTitle "EXT 2012"]
[Source "ChessBase"]
[SourceDate "2011.11.24"]
[SourceVersion "1"]
[SourceVersionDate "2011.11.24"]
[SourceQuality "1"]

1. e4 e5 2. Nf3 d6 3. d4 Bg4 4. Bc4 Nc6 5. c3 a6 6. Qb3 Na5 7. Qa4+ c6 8. Be2 b5 9. Qc2 Bxf3 10. Bxf3 Nf6 11. 0-0 Qb6 12. dxe5 dxe5 13. Be3 Qc7 14. Rd1 Be7 15. Nd2 0-0 16. b4 Nb7 17. a3 c5 18. Qd3 Rfd8 19. Qe2 c4 20. g3 Rd3 21. Rac1 Rad8 22. Bg2 Qd7 23. h3 h6 24. f4 Bd6 25. Qf2 exf4 26. gxf4 Bc7 27. Bd4 Nh5 28. e5 Bb8 29. Ne4 Rxd1+ 30. Rxd1 Qf5 31. Rf1 Rd7 32. Kh2 Re7 33. Qf3 a5 34. Qg4 g6 35. Qxf5 gxf5 36. Ng3 Ng7 37. Bxb7 Rxb7 38. bxa5 Ba7 39. Rb1 Bxd4 40. cxd4 h5 41. d5 h4 42. Ne2 Kf8 43. Nd4 c3 44. Rc1 b4 45. axb4 Rxb4 46. Nc6 Rb2+ 47. Kg1 c2 48. Kf2 Nh5 49. Ke3 Rb3+ 50. Kd2 Nxf4 51. d6 Ke8 52. a6 Ra3 53. a7 Kd7 54. Rxc2 Nd5 55. Rc5 Nb6 56. Nb8+ Kd8 57. Rc7 Ke8 58. Re7+ Kf8 59. Nd7+ Nxd7 60. Rxd7 Kg7 61. Rb7 Ra4 62. d7 1-0

[Event "Europe-Asia op"]
[Site "Perm"]
[Date "2008.11.??"]
[Round "9"]
[White "Sosnin, Alexander"]
[Black "Shestakov, Dmitry"]
[Result "0-1"]
[WhiteElo "2030"]
[BlackElo "2284"]
[PlyCount "84"]
[EventDate "2008.11.10"]
[EventType "swiss"]
[EventRounds "11"]
[EventCountry "RUS"]
[SourceTitle "EXT 2022"]
[Source "ChessBase"]
[SourceDate "2021.10.06"]
[SourceVersion "1"]
[SourceVersionDate "2021.10.06"]
[SourceQuality "1"]

1. e4 e6 2. d4 d5 3. Nc3 dxe4 4. Nxe4 Nd7 5. Ne2 Be7 6. N2c3 Ngf6 7. Bf4 a6 8. Qf3 0-0 9. 0-0-0 Nxe4 10. Nxe4 Nf6 11. Nxf6+ Bxf6 12. c3 Bg5 13. h4 Bxf4+ 14. Qxf4 b5 15. Bd3 Bb7 16. f3 Qd6 17. Qg4 Rac8 18. Bc2 Rfd8 19. Rh3 Qe7 20. h5 h6 21. Re1 c5 22. Rg3 Qf6 23. dxc5 Rxc5 24. Kb1 a5 25. Bb3 a4 26. Bc2 Rdc8 27. a3 Rd8 28. Rd1 Rcd5 29. Rxd5 Bxd5 30. f4 Bb3 31. Bxb3 axb3 32. Kc1 Rd5 33. Rf3 Rc5 34. Rf2 Rc4 35. g3 Qe7 36. Rd2 Qc5 37. Qf3 Kh7 38. Rd1 b4 39. axb4 Rxb4 40. Rd8 Ra4 41. Qd3+ f5 42. Rd4 Ra1+ 0-1

[Event "Gornozavodsk-ch 8th okrug op"]
[Site "Nizhnij Tagil"]
[Date "2007.07.30"]
[Round "6"]
[White "Potapenko, Tamara"]
[Black "Sosnin, Alexander"]
[Result "1-0"]
[WhiteElo "1806"]
[BlackElo "2074"]
[PlyCount "173"]
[EventDate "2007.07.24"]
[EventType "swiss"]
[EventRounds "9"]
[EventCountry "RUS"]
[SourceTitle "EXT 2022"]
[Source "ChessBase"]
[SourceDate "2021.10.06"]
[SourceVersion "1"]
[SourceVersionDate "2021.10.06"]
[SourceQuality "1"]

1. d4 f5 2. g3 Nf6 3. c4 g6 4. Bg2 Nc6 5. Nf3 d6 6. Nc3 Bg7 7. 0-0 0-0 8. Bf4 Nh5 9. Bc1 e5 10. dxe5 dxe5 11. Qxd8 Rxd8 12. e4 Be6 13. b3 Rd3 14. Bb2 Rad8 15. Ng5 Bc8 16. exf5 gxf5 17. Bd5+ Kf8 18. Nxh7+ Ke8 19. Nb5 Kd7 20. Ng5 a6 21. Be6+ Ke7 22. Nxc7 Kf6 23. h4 Bh6 24. Nd5+ Kg7 25. Bxc8 Rxc8 26. Ne6+ Kf7 27. Nc5 Rf3 28. Nxb7 Rg8 29. Nd6+ Ke6 30. Nxf5 Kxf5 31. Kh2 Nf6 32. Nxf6 Kxf6 33. Rad1 Ke6 34. Kg2 Rf7 35. Rfe1 Bf8 36. a3 Bc5 37. f3 Bd6 38. b4 Rfg7 39. g4 Rh7 40. Kh3 Rf8 41. Rd3 Be7 42. h5 Bf6 43. f4 Re7 44. fxe5 Nxe5 45. Rd5 Kf7 46. c5 Nxg4 47. Rxe7+ Kxe7 48. Bxf6+ Nxf6 49. Rd6 Ra8 50. Kh4 Ne4 51. Rg6 Nc3 52. h6 Nb5 53. a4 Nc3 54. Kg5 Nd5 55. h7 Rh8 56. Rxa6 Nxb4 57. Ra7+ Ke6 58. Kg6 Kd5 59. Kg7 Rxh7+ 60. Kxh7 Kxc5 61. Rb7 Na6 62. Kg6 Kc4 63. Kf6 Nc5 64. Rc7 Kb4 65. a5 Kb5 66. Ke7 Na6 67. Rb7+ Kxa5 68. Kd6 Ka4 69. Kd5 Ka5 70. Kc4 Ka4 71. Rb5 Nc7 72. Rb1 Ka5 73. Kc5 Na6+ 74. Kc6 Nb4+ 75. Kc5 Na6+ 76. Kc4 Nc7 77. Rb8 Ka6 78. Kc5 Ka7 79. Rb1 Na6+ 80. Kc6 Nb8+ 81. Kc7 Na6+ 82. Kc8 Nc5 83. Rb5 Na6 84. Rb7+ Ka8 85. Re7 Nc5 86. Kc7 Na4 87. Re5 1-0

[Event "RUS-ch sf Urals 60th"]
[Site "Nizhnij Tagil"]
[Date "2007.03.20"]
[Round "7"]
[White "Sosnin, Alexander"]
[Black "Petrov, Yury"]
[Result "0-1"]
[WhiteElo "2110"]
[BlackElo "2105"]
[PlyCount "70"]
[EventDate "2007.03.14"]
[EventType "swiss"]
[EventRounds "9"]
[EventCountry "RUS"]
[SourceTitle "CBM 117 Extra"]
[Source "ChessBase"]
[SourceDate "2007.05.09"]
[SourceVersion "1"]
[SourceVersionDate "2007.05.09"]
[SourceQuality "1"]

1. e4 c6 2. d4 d5 3. e5 Bf5 4. Bd3 Bxd3 5. Qxd3 e6 6. f4 g6 7. Nf3 Nh6 8. c3 Qb6 9. 0-0 c5 10. b3 Nc6 11. Bb2 Rc8 12. Rc1 Be7 13. Na3 0-0 14. h3 cxd4 15. cxd4 Nb4 16. Qd2 Nf5 17. g4 Ng3 18. Nc2 Qb5 19. Na3 Qe2 20. Rxc8 Rxc8 21. Qxe2 Nxe2+ 22. Kf2 Nxf4 23. Kg3 g5 24. Rb1 Nbd3 25. Nxg5 Bxg5 26. Nb5 Rc2 27. Ba3 Rg2+ 28. Kf3 Rf2+ 29. Ke3 Re2+ 30. Kf3 Ne1+ 31. Rxe1 Rxe1 32. h4 Rf1+ 33. Kg3 Bd8 34. Nxa7 Nd3 35. Nb5 Rf2 0-1

[Event "RUS-ch sf Urals 60th"]
[Site "Nizhnij Tagil"]
[Date "2007.03.17"]
[Round "4"]
[White "Lazarkov, Leonid"]
[Black "Sosnin, Alexander"]
[Result "0-1"]
[WhiteElo "2178"]
[BlackElo "2110"]
[PlyCount "78"]
[EventDate "2007.03.14"]
[EventType "swiss"]
[EventRounds "9"]
[EventCountry "RUS"]
[SourceTitle "CBM 117 Extra"]
[Source "ChessBase"]
[SourceDate "2007.05.09"]
[SourceVersion "1"]
[SourceVersionDate "2007.05.09"]
[SourceQuality "1"]

1. e4 c5 2. Nc3 e6 3. d3 Nf6 4. g3 d5 5. e5 Nfd7 6. Nf3 Nc6 7. Qe2 g6 8. Bg2 Bg7 9. Bf4 Qc7 10. 0-0 Ndxe5 11. Nxe5 Bxe5 12. Rfe1 f6 13. Nb5 Qe7 14. Bh6 Bxb2 15. Rab1 Be5 16. f4 Bd4+ 17. Kh1 a6 18. Nxd4 Nxd4 19. Qd2 Nf5 20. Bxd5 Kf7 21. Rb6 Nxh6 22. Rexe6 Bxe6 23. Rxe6 Qxe6 24. Bxe6+ Kxe6 25. g4 b6 26. f5+ gxf5 27. Qxh6 fxg4 28. Qe3+ Kf7 29. Qe4 Rae8 30. Qc4+ Re6 31. Qxa6 h5 32. Qb5 Rhe8 33. Qc4 Kg6 34. d4 h4 35. Qd3+ f5 36. Kg1 Re1+ 37. Kf2 R8e2+ 38. Qxe2 Rxe2+ 39. Kxe2 cxd4 0-1

[Event "RUS-ch sf Urals 60th"]
[Site "Nizhnij Tagil"]
[Date "2007.03.16"]
[Round "3"]
[White "Sosnin, Alexander"]
[Black "Povodyr, Alexander"]
[Result "1-0"]
[WhiteElo "2110"]
[BlackElo "2002"]
[PlyCount "101"]
[EventDate "2007.03.14"]
[EventType "swiss"]
[EventRounds "9"]
[EventCountry "RUS"]
[SourceTitle "CBM 117 Extra"]
[Source "ChessBase"]
[SourceDate "2007.05.09"]
[SourceVersion "1"]
[SourceVersionDate "2007.05.09"]
[SourceQuality "1"]

1. e4 c5 2. Nf3 Nc6 3. d4 cxd4 4. Nxd4 e6 5. Nb5 Nf6 6. N1c3 d6 7. Bf4 e5 8. Bg5 a6 9. Na3 h6 10. Bxf6 gxf6 11. Bc4 Bg7 12. Qh5 0-0 13. Nd5 b5 14. Bd3 Be6 15. c4 Qa5+ 16. Kf1 b4 17. Nc2 Qc5 18. g4 a5 19. h4 Bxd5 20. exd5 e4 21. Bxe4 Qxc4+ 22. Kg1 Qxe4 23. Ne3 Ne5 24. Nf5 Qxg4+ 25. Qxg4 Nxg4 26. Rh3 Kh7 27. Rg3 Kg6 28. Ne7+ Kh5 29. f3 f5 30. Nxf5 Bxb2 31. Rxg4 Be5 32. Re1 Rg8 33. Rxe5 Rxg4+ 34. fxg4+ Kxg4 35. Nxd6 f6 36. Re4+ Kf3 37. Rd4 Rg8+ 38. Kf1 h5 39. Rd3+ Kf4 40. Nc4 a4 41. d6 Ke4 42. Rd2 b3 43. axb3 axb3 44. d7 Rd8 45. Nb6 f5 46. Rb2 f4 47. Rxb3 f3 48. Rc3 Rb8 49. Rc8 Rxb6 50. Re8+ Kf4 51. d8Q 1-0

[Event "RUS-ch sf Urals 60th"]
[Site "Nizhnij Tagil"]
[Date "2007.03.14"]
[Round "1"]
[White "Sosnin, Alexander"]
[Black "Krutko, Anatoly"]
[Result "0-1"]
[WhiteElo "2110"]
[BlackElo "2351"]
[PlyCount "72"]
[EventDate "2007.03.14"]
[EventType "swiss"]
[EventRounds "9"]
[EventCountry "RUS"]
[SourceTitle "CBM 117 Extra"]
[Source "ChessBase"]
[SourceDate "2007.05.09"]
[SourceVersion "1"]
[SourceVersionDate "2007.05.09"]
[SourceQuality "1"]

1. d4 d6 2. e4 Nf6 3. Bd3 e5 4. d5 c6 5. c4 g6 6. Nc3 Bg7 7. Be3 Ng4 8. Qd2 Nxe3 9. Qxe3 Na6 10. Nge2 Nc5 11. Bc2 a5 12. Nc1 f5 13. f3 Qh4+ 14. Qf2 Qh6 15. Nb3 Nd7 16. exf5 a4 17. Nd2 a3 18. fxg6 axb2 19. Rb1 hxg6 20. Nce4 Bf8 21. Rxb2 Be7 22. Nb3 cxd5 23. cxd5 Qf4 24. Ng3 Kf7 25. Qd2 Bh4 26. Qf2 Bxg3 27. hxg3 Rxh1+ 28. Ke2 Qb4 29. f4 Nf6 30. fxe5 Bg4+ 31. Kd3 dxe5 32. Bb1 e4+ 33. Ke3 Qc3+ 34. Kf4 Rh5 35. Nd4 Re8 36. Rxb7+ Kg8 0-1